000 00372nam a2200145Ia 4500
008 231129s2007||||xx |||||||||||||| ||spa||
020 _a958-8306-02-7
040 _bspa
082 _a759.9861 A659
100 _aArangón Gerardo
245 0 _aGerardo Arangón
260 _c2007
264 _aVillegas Editores
942 _2ddc
_cBKS
999 _c14452
_d14452